书目信息 |
| 题名: |
现代市场营销学
|
|
| 作者: | 吴泗宗 主编 | |
| 分册: | ||
| 出版信息: | 武汉 华中理工大学出版社 2000.08 |
|
| 页数: | 457页 | |
| 开本: | 32开 | |
| 丛书名: | ||
| 单 册: | ||
| 中图分类: | F713 | |
| 科图分类: | ||
| 主题词: | 商业经济--国内 | |
| 电子资源: | ||
| ISBN: | 7-5609-1447-0 | |
| 000 | 00560nam0 2200193 45 | |
| 001 | 0009152063 | |
| 005 | 20001113185045.9 | |
| 010 | @a7-5609-1447-0@d22.00元 | |
| 100 | @a20000915d2000 km y0chiy0120 ea | |
| 101 | 0 | @achi |
| 105 | @a z 000yy | |
| 200 | 1 | @a现代市场营销学@AXian Dai Shi Chang Ying Xiao Xue@f吴泗宗主编@FWu Si Zong Zhu Bian |
| 210 | @a武汉@c华中理工大学出版社@d2000.08 | |
| 215 | @a457页@d32开 | |
| 606 | 0 | @a商业经济@x国内 |
| 690 | @aF713@v3 | |
| 701 | 0 | @a吴泗宗@4主编 |
| 801 | @aCN@bPftUser@c20000915 | |
| 905 | @dF713@eW950@b403848-852@f5 | |
| 现代市场营销学/吴泗宗主编.-武汉:华中理工大学出版社,2000.08 |
| 457页;32开 |
| ISBN 7-5609-1447-0:22.00元 |
| ● |
| 相关链接 |
|
|
|
正题名:现代市场营销学
索取号:F713/W950
 
预约/预借
| 序号 | 登录号 | 条形码 | 馆藏地/架位号 | 状态 | 备注 |
| 1 | 403848 | 204038488 | 社科库409/422社科库 36排3列2层/ [索取号:F713/W950] | 在馆 | |
| 2 | 403849 | 204038497 | 社科库409/422社科库 36排3列2层/ [索取号:F713/W950] | 在馆 | |
| 3 | 403850 | 204038503 | 社科二线422/409社科库 40排6列2层/ [索取号:F713/W950] | 在馆 | |
| 4 | 403851 | 204038512 | 社科库409/409社科库 40排6列2层/ [索取号:F713/W950] | 在馆 | |
| 5 | 403852 | 204038521 | 社科库409/409社科库 40排6列2层/ [索取号:F713/W950] | 在馆 |